| 000 | nam a22 4500 | ||
|---|---|---|---|
| 999 |
_c29118 _d29118 |
||
| 008 | 171108b xxu||||| |||| 00| 0 eng d | ||
| 020 | _a9788122427431 | ||
| 050 | _aS 517.14 .C43 2010 | ||
| 100 | _aChandrasekaran, B | ||
| 245 |
_aA textbook of agronomy / _cB. Chandrasekaran |
||
| 260 |
_aNew Delhi : _bNew Age International Limited Publishers, _c2010 |
||
| 300 |
_axx, 835p. : _bill. ; _c24 cm. |
||
| 650 | _aAgronomy. | ||
| 700 | _aAnnadurai, K | ||
| 700 | _aSomasundaram, E | ||
| 942 |
_2lcc _cBOOKS _hS 517.14 .C43 2010 _03 |
||